000 02671cam a2200289 4500500
005 20260322004342.0
041 _afre
042 _adc
100 1 0 _aKouamé, Konan Simon
_eauthor
245 0 0 _aEffets des violences subies et de l’estime de soi sur les comportements à risque chez les adolescents à Abidjan
260 _c2015.
500 _a27
520 _aLa socialisation, comme moyen d’acquisition des normes sociales amène souvent les plus jeunes, en l’occurrence les adolescents, à adopter des comportements visant à tolérer les risques liés à leur environnement. Ce constat motive cette étude qui vise à appréhender les comportements à risque adoptés par les adolescents sous l’angle des violences dont ils sont victimes et de leur estime de soi. L’échantillon constitué sur la base du plan factoriel comprend au total 320 adolescents dont l’âge varie entre 13 et 19 ans, de sexe masculin, provenant de milieu socioéconomique défavorisé et vivant hors de la résidence familiale. Le questionnaire utilisé permet d’obtenir des informations qui sont traitées au moyen du “t” de Student et de la corrélation linéaire de Pearson. Les résultats ainsi obtenus permettent d’affirmer que les violences faites aux enfants et l’estime de soi, sont des facteurs à prendre en compte dans l’explication des comportements à risque qu’ils adoptent.
520 _aSocialization as a means of acquiring social norms often leads younger, namely teenagers behaviors to tolerate the risks associated with their environment This observation motivates this study to understand risk behaviors among adolescents in terms of violence experienced by children and their self-esteem. The sample constituted on the basis of the factorial design includes a total of 320 adolescents whose age varies between 13 and 19 years old, male, from disadvantaged socio-economic background and living outside the family home. The questionnaire provides information that is processed by the Student” t” and Pearson linear correlation. The results obtained allow 10 assert that violence against children and self-esteem have an impact on risk behaviors that adolescents show.
690 _aaccidents
690 _aadolescents
690 _acomportement risque
690 _aestime de soi
690 _aviolence
690 _aaccidents
690 _aadolescents
690 _arisk behavior
690 _aself-esteem
690 _aviolence
786 0 _nPsy Cause | 68 | 1 | 2015-01-20 | p. 11-16 | 1245-2394
856 4 1 _uhttps://shs.cairn.info/revue-psy-cause-2015-1-page-11?lang=fr&redirect-ssocas=7080
999 _c1739599
_d1739599